000 00710cam a2200229 4500
001 WB3616-57
008 000000n2000 000 0 eng u
035 _a(Sirsi) u105660
245 _aFirms unite for rural power
260 _c2000
490 _aEstates Gazette
_v(0016) 22 April 2000. 32(1)
520 _aA merger between Smith-Woolley and Smiths Gore, two rural practices, could create a new top 20 surveying firm.
590 _aWB
650 _aSMITH WOOLLEY
650 _aSMITHS GORE
650 _aMERGER
650 _aABOUT RICS-RICS MEMBERS
650 _aSURVEYING FIRMS
650 _aSMITHS GORE WOOLLEY
690 _aMANAGEMENT-BUSINESS MANAGEMENT-PROFESSIONAL PRACTICE
942 _n0
999 _c63281
_d63281